| 000 -LEADER |
| fixed length control field |
00996nam a22002297a 4500 |
| 005 - DATE AND TIME OF LATEST TRANSACTION |
| control field |
20240502111245.0 |
| 008 - FIXED-LENGTH DATA ELEMENTS--GENERAL INFORMATION |
| fixed length control field |
240502s2008 enk||||| |||| 00| 0 eng d |
| 020 ## - INTERNATIONAL STANDARD BOOK NUMBER |
| International Standard Book Number |
9780781795166x |
| 041 ## - LANGUAGE CODE |
| Language code of text/sound track or separate title |
eng |
| 080 ## - UNIVERSAL DECIMAL CLASSIFICATION NUMBER |
| Universal Decimal Classification number |
616-006 R-88 |
| 245 ## - TITLE STATEMENT |
| Title |
Rubin's Pathology: |
| Remainder of title |
Clinicopathologic Foundations of Medicine / |
| Statement of responsibility, etc. |
Raphael Rubin, Ph.D. Strayer, David S., Emanuel Rubin, M.D. McDonald, Jay M., Ph.D. Michalopoulos, George K. |
| 264 ## - PRODUCTION, PUBLICATION, DISTRIBUTION, MANUFACTURE, AND COPYRIGHT NOTICE |
| Place of production, publication, distribution, manufacture |
Philadelphia : |
| Name of producer, publisher, distributor, manufacturer |
Lippincott Williams, |
| Date of production, publication, distribution, manufacture, or copyright notice |
2008. |
| 300 ## - PHYSICAL DESCRIPTION |
| Extent |
1341 p.: |
| Other physical details |
ill.; |
| Dimensions |
28 cm. |
| 653 ## - INDEX TERM--UNCONTROLLED |
| keyword |
კლინიკური პათოლოგია |
| 653 ## - INDEX TERM--UNCONTROLLED |
| keyword |
მედიცინა |
| 700 ## - ADDED ENTRY--PERSONAL NAME |
| Personal name |
Rubin, Raphael |
| Relator term |
რედაქტორი |
| 9 (RLIN) |
22034 |
| 700 ## - ADDED ENTRY--PERSONAL NAME |
| Personal name |
Strayer, David S. |
| Relator term |
რედაქტორი |
| 9 (RLIN) |
22035 |
| 700 ## - ADDED ENTRY--PERSONAL NAME |
| Personal name |
Rubin, Emanuel |
| Relator term |
რედაქტორი |
| 9 (RLIN) |
22036 |
| 700 ## - ADDED ENTRY--PERSONAL NAME |
| Personal name |
Jay M. McDonald |
| Relator term |
რედაქტორი |
| 9 (RLIN) |
22037 |
| 700 ## - ADDED ENTRY--PERSONAL NAME |
| Personal name |
Michalopoulos, George K. |
| Relator term |
რედაქტორი |
| 9 (RLIN) |
22038 |
| 942 ## - ADDED ENTRY ELEMENTS (KOHA) |
| Source of classification or shelving scheme |
|
| Koha item type |
წიგნი |